Playable Positions in Madden Franchise Mode - Statistics

General Stats
  • This quiz has been taken 37 times
    35 since last reset
  • The average score is 7 of 10
Answer Stats
Position % Correct
Running Back
100%
Quarterback
96%
Wide Receiver
93%
Corner Back
86%
Linebacker
86%
Tight End
86%
Defensive End
57%
Defensive Tackle
50%
Free Safety
46%
Strong Safety
46%
No matching quizzes found
Score Distribution
Percent of People with Each Score
Percentile by Number Answered
Your Score History
You have not taken this quiz since the last reset